東京の地下鉄 数字が入る駅名 - Statistics

General Stats
  • This quiz has been taken 20 times
    8 since last reset
  • The average score is 18 of 28
Answer Stats
Answer % Correct
六本木
100%
青山一丁目
86%
新宿三丁目
86%
本郷三丁目
86%
南千住
86%
北千住
86%
千駄木
86%
六本木一丁目
86%
西新宿五丁目
86%
四谷三丁目
71%
八丁堀
71%
九段下
71%
銀座一丁目
71%
四ツ谷
57%
三ノ輪
57%
二重橋前
57%
千川
57%
麻布十番
57%
五反田
57%
三田
57%
千石
57%
一之江
57%
京橋 (京:10^16)
57%
東京 (京:10^16)
57%
三越前
43%
本八幡
43%
志村三丁目
29%
錦糸町 (糸:10^-4)
14%
No matching quizzes found
Score Distribution
Percent of People with Each Score
Percentile by Number Answered
Your Score History
You have not taken this quiz since the last reset